[Event "SLO-ch (Women)"]
[Site "Skofja Loka"]
[Date "2000.??.??"]
[Round "?"]
[White "Srebrnic, Ana"]
[Black "Marusic, Nada"]
[Result "1-0"]
[WhiteElo "2174"]
[BlackElo "2007"]
[PlyCount "113"]
[EventDate "2000.11.??"]
[EventType "swiss"]
[EventRounds "6"]
[EventCountry "SLO"]
[SourceTitle "CBM 079 Extra"]
[Source "ChessBase"]
[SourceDate "2001.01.11"]
[SourceVersion "2"]
[SourceVersionDate "2001.01.25"]
[SourceQuality "1"]

1. g3 d5 2. Bg2 c5 3. d3 Nf6 4. Nd2 e5 5. e4 Nc6 6. Ne2 Be6 7. 0-0 Qd7 8. f4 Bh3 9. f5 Bxg2 10. Kxg2 h5 11. h3 0-0-0 12. Nc3 Be7 13. Rf2 a6 14. Qe1 Nd4 15. Nf3 dxe4 16. Nxe5 Nf3 17. Nxf3 exf3+ 18. Rxf3 Bd6 19. Bg5 Rde8 20. Qf2 Qc6 21. Bxf6 gxf6 22. Ne4 Rhg8 23. Re1 Kb8 24. c3 Ka7 25. b4 b6 26. Nxd6 Qxd6 27. bxc5 bxc5 28. Rfe3 Re5 29. Qf3 Rb8 30. R1e2 Rxe3 31. Qxe3 Rb7 32. Qe4 Rd7 33. Rd2 Re7 34. Qf3 Qe5 35. d4 Qe1 36. Qf2 Qe4+ 37. Kh2 cxd4 38. Rxd4 Qe2 39. Kg2 Kb7 40. Rd7+ Kc6 41. Qxe2 Rxe2+ 42. Kf3 Re5 43. Rxf7 Rxf5+ 44. Ke4 Rf2 45. a4 Kb6 46. Rh7 Ka5 47. Rxh5+ Kxa4 48. h4 Rc2 49. Rc5 Kb3 50. h5 Rf2 51. g4 Rf1 52. Ke3 Re1+ 53. Kf2 Re7 54. Rf5 Rg7 55. Kg3 Rf7 56. g5 Rg7 57. g6 1-0

[Event "SLO-ch (Women)"]
[Site "Kranj"]
[Date "1999.10.10"]
[Round "9"]
[White "Marusic, Nada"]
[Black "Grosar, Kiti"]
[Result "0-1"]
[WhiteElo "2023"]
[BlackElo "2234"]
[PlyCount "66"]
[EventDate "1999.10.02"]
[EventType "swiss"]
[EventRounds "9"]
[EventCountry "SLO"]
[SourceTitle "EXT 2000"]
[Source "ChessBase"]
[SourceDate "1999.11.16"]
[SourceVersion "1"]
[SourceVersionDate "1999.11.16"]
[SourceQuality "1"]

1. d4 Nf6 2. c4 g6 3. Nc3 Bg7 4. e4 d6 5. f3 0-0 6. Be3 c6 7. Qd2 a6 8. Bh6 b5 9. Bxg7 Kxg7 10. cxb5 axb5 11. Bd3 e5 12. Nge2 Qb6 13. Qe3 b4 14. Nd1 exd4 15. Nxd4 c5 16. Ne2 Nc6 17. f4 Re8 18. Nf2 b3 19. 0-0 Rxa2 20. Nc3 Rxa1 21. Rxa1 Bb7 22. Qg3 Nd4 23. e5 dxe5 24. fxe5 Nh5 25. Qe3 c4 26. Bxc4 Nf3+ 27. Qxf3 Bxf3 28. gxf3 Nf4 29. Nce4 Qe3 30. Ng5 Rxe5 31. h4 h6 32. Nge4 Qxf3 33. Bf1 Rh5 0-1

[Event "SLO-ch (Women)"]
[Site "Kranj"]
[Date "1999.10.09"]
[Round "8"]
[White "Srebrnic, Ana"]
[Black "Marusic, Nada"]
[Result "1-0"]
[WhiteElo "2161"]
[BlackElo "2023"]
[PlyCount "171"]
[EventDate "1999.10.02"]
[EventType "swiss"]
[EventRounds "9"]
[EventCountry "SLO"]
[SourceTitle "EXT 2000"]
[Source "ChessBase"]
[SourceDate "1999.11.16"]
[SourceVersion "1"]
[SourceVersionDate "1999.11.16"]
[SourceQuality "1"]

1. Nf3 e6 2. g3 d5 3. Bg2 c5 4. d3 Nc6 5. 0-0 Nf6 6. c3 h6 7. a3 a5 8. a4 Bd6 9. Na3 0-0 10. Re1 e5 11. e4 d4 12. c4 Be6 13. Nh4 Qd7 14. f4 exf4 15. gxf4 Bg4 16. Nf3 Nh5 17. f5 Nf4 18. Nb5 Nxg2 19. Kxg2 Bb8 20. h3 Bxf3+ 21. Qxf3 Qe7 22. f6 Qe5 23. fxg7 Kxg7 24. Rg1 Kh7 25. Bd2 Ne7 26. Kf1 Ra6 27. Ke1 Rf6 28. Qe2 Ng6 29. Kd1 Nf4 30. Bxf4 Qxf4 31. Kc2 Qf2 32. Rae1 Rg8 33. Rxg8 Kxg8 34. Kd1 Kh7 35. Qxf2 Rxf2 36. Re2 Rf3 37. e5 Rxd3+ 38. Kc2 Rxh3 39. Rf2 Kg7 40. Nd6 d3+ 41. Kd2 Bxd6 42. exd6 Rh4 43. Rf5 Rd4 44. Rxc5 Rxd6 45. Rxa5 Kg6 46. c5 Rd7 47. Ra7 Rc7 48. b4 h5 49. Kxd3 h4 50. Ke3 Kg5 51. Kf3 f5 52. Ra8 Rh7 53. Rg8+ Kf6 54. Kg2 h3+ 55. Kh2 Rh4 56. Rb8 Rh7 57. a5 Ke6 58. Rd8 f4 59. Rd3 Ke5 60. Rxh3 Rc7 61. Kg2 Ke4 62. Rh8 Rd7 63. Re8+ Kf5 64. Re2 Kg4 65. Rb2 f3+ 66. Kf2 Rh7 67. Ke3 Kg3 68. b5 Re7+ 69. Kd4 Re2 70. Rb3 Rd2+ 71. Kc4 Kg2 72. c6 f2 73. Rb1 bxc6 74. b6 Kf3 75. Rf1 Rb2 76. Kc5 Rb5+ 77. Kxc6 Rxa5 78. b7 Ra6+ 79. Kc5 Ra5+ 80. Kc4 Kg2 81. Rxf2+ Kxf2 82. b8Q Ra4+ 83. Kb3 Rg4 84. Kc2 Rg2 85. Kd2 Kg1+ 86. Ke1 1-0

[Event "SLO-ch (Women)"]
[Site "Kranj"]
[Date "1999.10.08"]
[Round "7"]
[White "Marusic, Nada"]
[Black "Ankerst, Milka"]
[Result "1-0"]
[WhiteElo "2023"]
[BlackElo "2131"]
[PlyCount "63"]
[EventDate "1999.10.02"]
[EventType "swiss"]
[EventRounds "9"]
[EventCountry "SLO"]
[SourceTitle "EXT 2000"]
[Source "ChessBase"]
[SourceDate "1999.11.16"]
[SourceVersion "1"]
[SourceVersionDate "1999.11.16"]
[SourceQuality "1"]

1. d4 Nf6 2. c4 e6 3. Nc3 Bb4 4. a3 Bxc3+ 5. bxc3 0-0 6. Nf3 d6 7. e3 Nbd7 8. Bd3 e5 9. e4 h6 10. 0-0 Re8 11. Qc2 Nf8 12. Ne1 Qe7 13. f3 Ng6 14. g3 b6 15. Ng2 Ba6 16. Ne3 Bc8 17. Nd5 Qd8 18. Be3 c6 19. Nxf6+ Qxf6 20. f4 exf4 21. Bxf4 Nxf4 22. Rxf4 Qe7 23. Raf1 f6 24. Be2 Be6 25. d5 cxd5 26. cxd5 Bxd5 27. Bb5 Bxe4 28. Qa2+ d5 29. Bxe8 Rxe8 30. h4 Qc5+ 31. Kh2 Qxc3 32. Rxe4 1-0